| 000 | 01049 a2200241 4500 | ||
|---|---|---|---|
| 001 | 49781 | ||
| 005 | 20260407155758.0 | ||
| 008 | 260407a1985 arg spa d | ||
| 003 | AR-UNSa-BCEJYS | ||
| 040 |
_aAR-UNSa-BCEJYS _bspa _cAR-UNSa-BCEJYS |
||
| 080 |
_a614 _xHigiene y salud pública. Prevención de accidentes |
||
| 245 | 1 | 0 | _aLa lucha por la salud en Cuba |
| 020 | _a968-23-1297-3 | ||
| 264 | 1 |
_aMéxico : _bSiglo Veintiuno editores _c1985 |
|
| 300 |
_a382 p. _c21 cm. |
||
| 505 | _a1. El sistema nacional de salud - 2. Los servicios de salud - 3. La higiene y la epidemiología - 4. La participación popular en salud - 5. El personal de salud - 6. La investigación en salud - 7. Producción y distribución de medicamentos - 8. Estado de salud de la población. | ||
| 041 | _aspa | ||
| 942 | _cBK | ||
| 590 | _aniveau_biblio:m niveau_hierar:0 | ||
| 100 | 1 | _aAraújo Bernal, Leopoldo | |
| 700 | 1 | _aLloréns Figueroa, José | |
| 856 | 4 | 1 |
_uhttps://www.biblioeco.unsa.edu.ar/pmb/images/libros/L128171.jpg _yImagen de portada _qimage/jpeg |
| 999 |
_c4876 _d4876 |
||